000 00503nam a2200181Ia 4500
005 20250508151501.0
008 008 250505s9999 xx 000 0 eng d
037 _aTextual
040 _aFEDL
_beng
_cFEDL
041 _aeng
_2eng
084 _a911.54, SEL
_qFEDL
100 _aSellman R R
245 0 _aOutline atlas of eastern history
260 _aLondon, UK
_bEdward Arnold Publishers Limited
_c1954
300 _a63p.
942 _cTEXL
_h911.54, SEL
999 _c1330105
_d1330105